Score 0/7 Timer 03:00
1 Play Today
Question Answer Wrong Answers
Congress passes the Standard Time Act, which approves daylight saving time and establishes ______ in the US.
1918
Time Zones
89.7%
The International Date Line
3%
Greenwich Mean Time
4.9%
Sidereal Time
1.7%
Argentine forces land and raise their flag on South Georgia Island, which helps spark this conflict with the United Kingdom.
1982
Falklands War
88.5%
Third Cod War
1.5%
Suez Crisis
4.4%
Operativo Independencia
1.9%
This American lawman, known for his role in the 'Gunfight at the O.K. Corral,' is born.
1848
Wyatt Earp
79.4%
'Wild Bill' Hickok
7%
Butch Cassidy
6.3%
Jesse James
7.2%
Gambling is legalized in ______.
1931
Nevada
76.1%
Atlantic City
20%
San Juan
0.9%
Macau
1.4%
Guadeloupe, Martinique, and RĂ©union become overseas departments of this country.
1946
France
68%
Netherlands
4%
Spain
16.8%
Portugal
8.9%
This singer-songwriter releases his eponymous debut studio album, which features the songs 'Talkin' New York' and 'Song to Woody.'
1962
Bob Dylan
64%
Leonard Cohen
15.1%
Johnny Cash
8%
Neil Diamond
9.9%
Texas Western becomes the first college basketball team to win a National Championship with an all-black starting lineup. They beat an all-white ______ team in the final game.
1966
Kentucky
42.9%
UCLA
20.4%
Notre Dame
23.9%
Tennessee
9.4%
Remove Ads.
Support Sporcle.
Get the best of Sporcle when you Go Orange. This ad-free experience offers more features, more stats, and more fun while also helping to support Sporcle. Thank you for becoming a member.

You're not logged in!

Compare scores with friends on all Sporcle quizzes.
OR
Log In

Show Comments

Extras

Top Quizzes Today


Score Distribution

Your Account Isn't Verified!

In order to create a playlist on Sporcle, you need to verify the email address you used during registration. Go to your Sporcle Settings to finish the process.

Report this User

Report this user for behavior that violates our Community Guidelines.

Details: